LEADER 01082nam a2200289 i 4500 001 991001791359707536 005 20020507151754.0 008 000512s1997 it ||| | ita 020 $a8814066132 035 $ab11564623-39ule_inst 035 $aLE02725268$9ExL 040 $aDip.to Studi Giuridici$bita 082 0 $a342.4506 084 $aAM-X/D 100 1 $aMaggiora, Enrico$0133029 245 13$aIl consigliere comunale :$bdiritti e doveri :$baggiornato con la L. 15 maggio 1997, n. 127 (Legge Bassanini) :$bproblemi e casi pratici /$cEnrico Maggiora 260 $aMilano :$bA. Giuffrè,$c[1997] 300 $axiii, 299 p. ;$c24 cm. 490 0 $aCosa & come. Enti locali ;$v30 500 $aSul dorso: 1997 650 4$aConsiglieri comunali$xLegislazione 907 $a.b11564623$b01-03-17$c02-07-02 912 $a991001791359707536 945 $aLE027 AM-X/D 4$g1$i2027000202768$lle027$o-$pE0.00$q-$rl$s- $t0$u2$v0$w2$x0$y.i11767741$z02-07-02 996 $aConsigliere comunale$9660494 997 $aUNISALENTO 998 $ale027$b01-01-00$cm$da $e-$fita$git $h3$i1 LEADER 03544oam 22006134a 450 001 9910777479903321 005 20230724233639.0 010 $a0-295-80332-0 010 $a0-295-98067-2 035 $a(CKB)1000000000442168 035 $a(EBL)4305917 035 $a(SSID)ssj0000119552 035 $a(PQKBManifestationID)12000579 035 $a(PQKBTitleCode)TC0000119552 035 $a(PQKBWorkID)10074018 035 $a(PQKB)10239324 035 $a(MiAaPQ)EBC4305917 035 $a(Au-PeEL)EBL4305917 035 $a(CaPaEBR)ebr11137282 035 $a(OCoLC)934197510 035 $a(OCoLC)1287098789 035 $a(MdBmJHUP)musev2_81541 035 $a(EXLCZ)991000000000442168 100 $a19970409d1997 uy 0 101 0 $aeng 135 $aur|n|---||||| 181 $ctxt$2rdacontent 182 $cc$2rdamedia 183 $acr$2rdacarrier 200 04$aThe challenge of fetal alcohol syndrome $eovercoming secondary disabilities /$fedited by Ann Streissguth and Jonathan Kanter ; foreword by Mike Lowry ; introduction by Michael Dorris 210 1$cUniversity of Washington Press,$aSeattle :$d1997. 215 $a1 online resource (279 pages) $cillustrations 225 1 $aJessie and John Danz Lectures 311 0 $a0-295-97650-0 320 $aIncludes bibliographical references (p. 221-234) and index. 327 $aCover ; Title ; Copyright ; Contents ; Foreword; Preface; Acknowledgments; Introduction; Neurobehavioral and Neuroanatomical Effects of Heavy Prenatal Exposure to Alcohol; Children of Alcoholic Mothers: Results from Goteborg, Sweden; Primary and Secondary Disabilities in Fetal Alcohol Syndrome; Development of the FAS Diagnostic and Prevention Network in Washington State; Assessment and Treatment of an Adult with FAS: Neuropsychological and Behavioral Considerations; A Study of Stimulant Medication in Children with FAS; A Demonstration Classroom for Young Children with FAS 327 $aA National Survey of State Directors of Special Education Concerning Students with FAS; Case Managers and Independent Living Instructors: Practical Hints and Suggestions for Adults with FAS; An Advocacy Program for Mothers with FAS/FAE; FAS and the Social Security Disability Process: Navigating the System; Representing the FAS Client in a Criminal Case; A Judicial Perspective on FAS: Memories of the Making of Nanook of the North; Legal Issues and FAS; FAS: Preventing and Treating Sexual Deviancy; Parent Advocacy in FAS Public Policy Change 327 $aSpider Web Walking: Hope for Children with FAS Through Understanding; Residential Programs for Persons with FAS: Programming and Economics; Public Health Implications of FAS; Rapporteur's Report: A Summary of the Conference; References; Authors' Affiliations; Author Index; Subject Index 410 0$aJessie and John Danz Lectures 606 $aFetal alcohol spectrum disorders$xComplications 606 $aChildren of prenatal alcohol abuse$xServices for 606 $aChildren of prenatal alcohol abuse$xDevelopment 615 0$aFetal alcohol spectrum disorders$xComplications. 615 0$aChildren of prenatal alcohol abuse$xServices for. 615 0$aChildren of prenatal alcohol abuse$xDevelopment. 676 $a618.3/268 701 $aKanter$b Jonathan$01565163 701 $aStreissguth$b Ann Pytkowicz$01565164 801 0$bMdBmJHUP 801 1$bMdBmJHUP 906 $aBOOK 912 $a9910777479903321 996 $aThe challenge of fetal alcohol syndrome$93834583 997 $aUNINA